00660nam a2200229 a 450000500170000000800410001701000170005802000260007503500170010103700080011804000180012608200060014410000160015024500720016626000330023827000380027130000250030965000230033465500280035765500270038570000180041220190917120104.0071121s2008 nyu 000 1 eng  aB-416774-786 a9781905654338c299.00 aB-416774-786 bUBH adplbEnglish  aN aCast, P. C. aChosen :ba house of night novel /cby P.C. Cast [and] Kristin Cast aLondonbAtom c2009(repr.).  a100 Victoria Embankment bLondon  a323p. ;c21 cm(pbk)  aVampiresvFiction. aFantasy fiction.2gsafd aOccult fiction.2gsafd aCast, Kristin